Ensayo de un diccionario español de sinónimos y antónimos /

Guardado en:
Autor Principal: Sainz de Robles, Federico Carlos
Formato: Libro
Publicado: Madrid : Aguilar, 1965
Materias:
Etiquetas: Agregar Etiqueta
Sin Etiquetas, Sea el primero en etiquetar este registro!
LEADER 00588nam a22001815a 4500
001 CEM.cems012938
005 20080715075938.0
008 130507s1965##################000#0#####d
003 CEMS
082 0 4 |a C464.03 
100 1 |a Sainz de Robles, Federico Carlos 
245 1 0 |a Ensayo de un diccionario español de sinónimos y antónimos /  |c Federico Carlos Sainz de Robles 
260 |a Madrid :  |b Aguilar,  |c 1965 
300 |a 1148 p. 
653 |a Diccionrios 
653 |a Sinónimos-diccionarios 
653 |a Antónimos-diccionarios 
859 |a CEMS  |b BIB. CEMS - 11 de abril  |h C464.03  |i Sa21a6  |p 3889.75  |t Ej.1